00526nam a2200157 i 450000100060000000300090000600500170001500700030003200800410003524501280007626000470020430000210025150000440027265000280031685200240034461236ES-MaACL20230906164416.0t|031111s1932 sp ||||1| spa d00aEstatuto de Galicia b: anteproyecto formado por la comisión nombrada en la Asamblea gallega el día 3 de julio de 1932. aSantiago de Compostela : bEl Eco, c1932. a30 p. ; c24 cm. aPrecede al tít.: Autonomía gallega. 4aNacionalismo-zGalicia. aES-MaACLj1761-F-11